Principles of financial modelling: model design and best practices using excel and VBA. (Record no. 210818)

MARC details
000 -LEADER
fixed length control field 00496nam a2200157Ia 4500
008 - FIXED-LENGTH DATA ELEMENTS--GENERAL INFORMATION
fixed length control field 210716s2019 xx 000 0 und d
020 ## - INTERNATIONAL STANDARD BOOK NUMBER
International Standard Book Number 9788126578542
041 ## - LANGUAGE CODE
Language code of text/sound track or separate title eng
082 ## - DEWEY DECIMAL CLASSIFICATION NUMBER
Classification number 657.3 REEM
100 ## - MAIN ENTRY--PERSONAL NAME
Personal name Rees, Michael.
245 ## - TITLE STATEMENT
Title Principles of financial modelling: model design and best practices using excel and VBA.
Remainder of title Model design and best practices using excel and VBA.
250 ## - EDITION STATEMENT
Edition statement 1
260 ## - PUBLICATION, DISTRIBUTION, ETC.
Place of publication, distribution, etc. New Delhi
Name of publisher, distributor, etc. Wiley India Pvt Ltd
Date of publication, distribution, etc. 2019
300 ## - PHYSICAL DESCRIPTION
Extent xxix,512
650 ## - SUBJECT ADDED ENTRY--TOPICAL TERM
Topical term or geographic name entry element Finance
Holdings
Withdrawn status Lost status Damaged status Not for loan Collection code Home library Current library Date acquired Cost, normal purchase price Total Checkouts Full call number Barcode Date last seen Date last checked out Cost, replacement price Price effective from Koha item type
        MBA St Aloysius Institute of Management & Information Technology St Aloysius Institute of Management & Information Technology 02/27/2019 999.00 1 657.3 REEM MBA13386 05/23/2026 01/23/2024 749.25 07/16/2021 Book